|
|
|
|
| LEADER |
01321nam a2200289 a 4500 |
| 001 |
4843 |
| 003 |
BD-DhAAL |
| 008 |
090512s1992 iauabf b 000 0 eng d |
| 999 |
|
|
|c 621
|d 621
|
| 010 |
|
|
|a 92054402
|
| 020 |
|
|
|a 0840378858
|
| 040 |
|
|
|a DLC
|c DLC
|d BD-DhAAL
|
| 082 |
0 |
0 |
|a 333.75
|2 20
|
| 245 |
0 |
0 |
|a Managing the world's forests :
|b looking for balance between conservation and development /
|c edited by Narendra P. Sharma.
|
| 260 |
|
|
|a Dubuque, Iowa :
|b Kendall/Hunt Pub. Co.,
|c c1992.
|
| 300 |
|
|
|a xxi, 605 pages, [2] leaves of plates :
|b illustrations (some colors), maps ;
|c 26 cm.
|
| 504 |
|
|
|a Includes bibliographical references.
|
| 541 |
1 |
|
|a Donated By Akbar Ali Khan
|e 4843, 38112
|
| 650 |
|
0 |
|a Forest management.
|9 47045
|
| 650 |
|
0 |
|a Forests and forestry.
|9 47046
|
| 650 |
|
0 |
|a Forest conservation.
|9 47047
|
| 650 |
|
0 |
|a Forest policy.
|9 47048
|
| 700 |
1 |
|
|a Sharma, Narendra P.
|9 47049
|
| 852 |
|
|
|a Ayesha Abed Library
|c Akbar Ali Khan Collection
|
| 942 |
|
|
|2 ddc
|c BK
|
| 952 |
|
|
|0 0
|1 0
|2 ddc
|4 0
|6 333_750000000000000_MAN
|7 0
|9 571
|a BRACUL
|b BRACUL
|c GEN
|d 2009-05-12
|g 940.00
|l 0
|o 333.75 MAN
|p 3010004843
|r 2009-05-12
|t 1
|v 1880.00
|w 2009-05-12
|y BK
|
| 952 |
|
|
|0 0
|1 0
|2 ddc
|4 0
|6 333_750000000000000_MAN
|7 1
|9 70158
|a BRACUL
|b BRACUL
|c CS1
|d 2022-03-16
|e Donated by Akbar Ali Khan
|l 0
|o 333.75 MAN
|p 3010038112
|r 2022-03-16
|t 2
|w 2022-03-16
|y BK
|